| 000 | 00410nam a2200157Ia 4500 | ||
|---|---|---|---|
| 008 | 230917s9999||||xx |||||||||||||| ||und|| | ||
| 040 |
_e202911 _aMAIN |
||
| 041 | _aEnglish | ||
| 082 | _a547.2 A48S | ||
| 100 | _aAhluwalia, V K | ||
| 245 | 0 | _aStrategies for green organic synthesis | |
| 260 |
_aNew Delhi _bAne Books _c2016 |
||
| 300 | _axvi, 352 p. | ||
| 500 | _a3557 26/07/2019 Main Budget | ||
| 942 | _cBK | ||
| 999 |
_c32098 _d32098 |
||